| 000 | 00967nam0a22002651 4500 | ||
|---|---|---|---|
| 001 | rc\428912 | ||
| 005 | 20250621082529.0 | ||
| 035 | _a(NLR Aleph) 005675746 | ||
| 090 |
_a7021926 _c7021926 |
||
| 100 | _a20030616d1987 |||y0rusy50 ca | ||
| 101 | 0 | _arus | |
| 102 | _aRU | ||
| 105 | _ay ||||||||| | ||
| 200 | 1 | _aМетод сплайн-коллокации решения общих краевых задач для уравнения Пуассона | |
| 210 |
_aДубна _cОИЯИ _d1987 |
||
| 215 |
_a19 с. _d22 |
||
| 225 | 1 |
_aСообщения Объединенного института ядерных исследований _vР11-87-414 |
|
| 320 | _aБиблиогр.: с. 18-19 (17 назв.) | ||
| 700 | 1 |
_4070 _7ca _8rus _aЖанлав _bТ. _f1943- _gТугалын _9251094 _3RU\NLR\AUTH\770251150 |
|
| 701 | 1 |
_aЖидков _bЕ.П. |
|
| 801 | 0 |
_aRU _bNLR _gpsbo |
|
| 801 | 1 |
_aRU _bELAR _2rusmarc |
|
| 852 |
_aNLR _j87-6/4646 |
||
| 942 | _cBOOK | ||
| 980 | _aNB | ||